| 000 | 00758nam a22002177a 4500 | ||
|---|---|---|---|
| 999 |
_c19859 _d19859 |
||
| 003 | AR-CdUCM | ||
| 008 | 190327b ||||| |||| 00| 0 spa d | ||
| 040 |
_aMUNICIPALIDAD PROVINCIAL DEL CUSCO _cBIBLIOTECA MUNICIPAL DEL CUSCO |
||
| 082 |
_a339.4 / _bS21 |
||
| 100 |
_aSand, Rene _941517 |
||
| 245 | _aLa economía humana / | ||
| 260 |
_aBuenos Aires : _bEUDEBA, _c1961. |
||
| 300 |
_a57 páginas ; _c25 cm. |
||
| 440 |
_aCuadernos de Eudeba _n48 _941518 |
||
| 505 | _aContenido: La noción de la economía humana -- El punto de produccin -- El punto de vista de nivel de vida -- Recuperación social... | ||
| 650 |
_aHombre como valor social _941519 |
||
| 650 |
_aEconómico _918840 |
||
| 650 |
_apolítico _97421 |
||
| 942 |
_2ddc _cLIBROS |
||
| 945 | _arcc | ||